Zpravodaj

Na minha lista:
Detalhes bibliográficos
Formato: Periódico
Idioma:tcheco
Publicado em: Praha Státní komise pro vědeckotechnický a investičný rozvoj 1987
Tags: Adicionar Tag
Sem tags, seja o primeiro a adicionar uma tag!

MARC

LEADER 00000nas2a2200000 4500
001 s034560
005 20250916070430.8
041 0 |a cze 
044 |a CZ 
245 1 0 |a Zpravodaj 
264 1 |a Praha  |b Státní komise pro vědeckotechnický a investičný rozvoj  |c 1987 
773 0 |w eu_un_cat*s120947